Access 97 developer's handbook

Αποθηκεύτηκε σε:
Λεπτομέρειες βιβλιογραφικής εγγραφής
Κύριος συγγραφέας: Litwin, Paul
Άλλοι συγγραφείς: Getz, Ken, Gilbert, Mike
Μορφή: Βιβλίο
Γλώσσα:English
Δημοσίευση: San Francisco : Sybex, c1997
Έκδοση:3rd ed.
Θέματα:
Ετικέτες: Προσθήκη ετικέτας
Δεν υπάρχουν, Καταχωρήστε ετικέτα πρώτοι!

MARC

LEADER 00000cam a2200000 i 4500
001 1/91126
008 991029s1997 eng d
020 |a 0782119417 
035 |l 10053437 
040 |a GR-MY-UA  |b gre  |e aacr 
041 0 |a eng 
082 0 |a 005.7565 
100 1 |a Litwin, Paul. 
245 1 0 |a Access 97 developer's handbook /  |c Paul Litwin, Ken Getz, Mike Gilbert 
250 |a 3rd ed. 
260 |a San Francisco :   |b Sybex,   |c c1997 
300 |a xxxviii, 1544 p.;  |b ill.;  |c 23 cm.+  |e 1 computer laser optical disc (4 3/4 in.) 
500 |a Rev. ed. of Microsoft Access 95 developer's handbook 
504 |a Includes index 
630 0 0 |a Microsoft Access. 
630 0 0 |a Microsoft Windows (Computer file) 
650 0 0 |a Database management. 
650 0 0 |a Operating systems (Computers) 
700 1 |a Getz, Ken. 
700 1 |a Gilbert, Mike. 
852 |a INST  |b SAMOS  |e 19991029  |h 005.7565 LIT  |p 005300016870  |q 005300016870  |t BK  |y 0 
852 |a INST  |b SAMOS  |e 19991029  |h 005.7565 LIT   |p 005300024401  |q 005300024401  |t BK  |y 0 
901 |a BIBL3-1999-3 
909 |a Σ  |b 068421 
909 |a Σ  |b 068429 
922 |a 3ΕΛΗ  |b 199909  |c ΤΠΕΣ  |d Παπασωτηρίου 
970 |a Γενούζου  |b Χρυσάνθη  |z 1999/10/29